Информационно-коммуникационные технологии как фактор диверсификации иноязычной подготовки будущих инженеров; Уровневая подготовка специалистов: электронное обучение и открытые образовательные ресурсы

Detalhes bibliográficos
Parent link:Уровневая подготовка специалистов: электронное обучение и открытые образовательные ресурсы.— 2014.— [С. 77-78]
Autor principal: Горюнова Е. С. Елена Сергеевна
Autor Corporativo: Национальный исследовательский Томский политехнический университет
Resumo:Заглавие с титульного листа.
The definition of Information and communication technology is given. We specify the ways of their application in engineers' foreign language training to provide its diversity.
Idioma:russo
Publicado em: 2014
coleção:Современные технологии обучения в инженерном образовании. Среда электронного обучения как инструмент организации учебного процесса
Assuntos:
Acesso em linha:http://earchive.tpu.ru/handle/11683/25724
http://www.lib.tpu.ru/fulltext/c/2014/C09/028.pdf
Formato: Recurso Eletrônico Capítulo de Livro
KOHA link:https://koha.lib.tpu.ru/cgi-bin/koha/opac-detail.pl?biblionumber=610102

MARC

LEADER 00000naa2a2200000 4500
001 610102
005 20260331164053.0
035 |a (RuTPU)RU\TPU\conf\7687 
035 |a RU\TPU\conf\7685 
090 |a 610102 
100 |a 20141226d2014 k y0rusy50 ca 
101 0 |a rus 
102 |a RU 
135 |a drgn ---uucaa 
181 0 |a i  
182 0 |a b 
200 1 |a Информационно-коммуникационные технологии как фактор диверсификации иноязычной подготовки будущих инженеров  |d Information and communication technology as diversification factor of engineers' foreign language traingning  |f Е. С. Горюнова 
203 |a Текст  |c электронный 
225 1 |a Современные технологии обучения в инженерном образовании. Среда электронного обучения как инструмент организации учебного процесса 
300 |a Заглавие с титульного листа. 
320 |a [Библиогр.: с. 78 (1 назв.)] 
330 |a The definition of Information and communication technology is given. We specify the ways of their application in engineers' foreign language training to provide its diversity. 
337 |a Adobe Reader 
463 1 |0 (RuTPU)RU\TPU\conf\7637  |t Уровневая подготовка специалистов: электронное обучение и открытые образовательные ресурсы  |o сборник трудов I Всероссийской научно-методической конференции, 20-21 марта 2014 г., Томск  |f Национальный исследовательский Томский политехнический университет (ТПУ) ; ред. кол. А. И. Чучалин [и др.]  |v [С. 77-78]  |d 2014 
510 1 |a Information and communication technology as diversification factor of engineers' foreign language traingning  |z eng 
610 1 |a электронный ресурс 
610 1 |a труды учёных ТПУ 
610 1 |a информационно-коммуникативные технологии 
610 1 |a диверсификация 
610 1 |a иноязычная подготовка 
610 1 |a инженеры 
610 1 |a информационные технологии 
610 1 |a коммуникационные технологии 
610 1 |a языковая подготовка 
700 1 |a Горюнова  |b Е. С.  |c лингвист  |c старший преподаватель Томского политехнического университета  |f 1982-  |g Елена Сергеевна  |3 (RuTPU)RU\TPU\pers\30874 
712 0 2 |a Национальный исследовательский Томский политехнический университет  |c (2009- )  |9 26305 
801 2 |a RU  |b 63413507  |c 20210408  |g RCR 
850 |a 63413507 
856 4 |u http://earchive.tpu.ru/handle/11683/25724 
856 4 |u http://www.lib.tpu.ru/fulltext/c/2014/C09/028.pdf 
942 |c BK